Random South American Flags - Statistics

General Stats
  • This quiz has been taken 25 times
  • The average score is 7 of 10
Answer Stats
Picture Answer % Correct
Argentina
100%
Bolivia
100%
Brazil
100%
Chile
100%
Ecuador
90%
Venezuela
86%
Uruguay
85%
Colombia
80%
Paraguay
80%
Suriname
80%
Peru
75%
Guyana
70%
Falkland Islands
56%
French Guiana
45%
South Georgia and The South Sandwich Islands
29%
Galápagos Islands
20%
Easter Island
13%
Juan Fernández Islands
0%
No matching quizzes found
Score Distribution
Percent of People with Each Score
Percentile by Number Answered
Your Score History
You have not taken this quiz